000 00640nam a2200205Ii 4500
003 JO-AjNU
008 230605s9999||||xx |||||||||||||| ||und||
040 _aJO-AjNU
_bara
_erda
_cJO-AjNU
041 _aara
050 1 4 _aRC488.5.M8528 2004
100 3 _aمؤمن ، داليا,
_eauthor
_921614
245 0 0 _aالاسرة والعلاج الاسرى
250 _aط1
264 3 1 _aالقاهرة:دار السحاب للنشر ، 2004
300 _a176ص
336 _atext
_btxt
_2rdacontent
337 _aunmediated
_bn
_2rdamedia
338 _avolume
_bnc
_2rdacarrier
650 4 _aالاسره - العلاج الاسري
_921615
999 _aA7537
_c11105
_d11105